000 01321nam a2200325 c 4500
003 BLK
005 20180420221912.0
008 180408b bul|||||r ||||||| ||bul||
010 _aKNG00052215000
040 _aBLK
041 _aBUL
_cBUL
080 _aТорове. Торене. Стимулиране растежа на растенията. Растителни стимулатори
_b631.8
_x(035)
_z631.8(035)
080 _aВредители на растенията. Болести. Защита
_b632
_x(035)
_z632(035)
100 1 _aЦачев, Серафим
_eпърви автор
_9282060
139 _aЦачев, Серафим
_bЦ 28
245 1 0 _aКак да наторим и опазим селскостопанските култури в личното си стопанство
_bСправ.
_cСерафим Цачев.
257 _aBGR
260 София
_bИнтелпринт сървис
_c1991
300 _a37 с.
_c20 см
380 _a63
650 4 _aТорене
_9173808
650 4 _aРастителна защита
_9258069
653 _aторене
653 _aрастителна защита
852 _aЦб 167172
856 4 _qpdf
_u
856 4 _qpdf
_u
942 _cKNG
_n0
944 _aCR
_c21.03.2017
_kКамелия_Данева
944 _aED
_c21.03.2017
_kКамелия_Данева
999 _c48397
_d48397